[Event "DRUZYNOWE MISTRZOSTWA POLSKI JUNIOROW - II LIGA"]
[Site "Szczyrk, CKiR Orle Gniazdo ul. Wrzosowa 28a"]
[Date "2014-07-26"]
[Round "1.110"]
[White "Stasiowski, Karol"]
[Black "Wolniaczyk, Bartosz"]
[Result "1/2-1/2"]
[WhiteTitle "II"]
[BlackTitle "II"]
[WhiteElo "1521"]
[BlackElo "1581"]

1. e4 e6 2. d4 d5 3. e5 c5 4. c3 Nc6 5. Nf3 Qb6 6. Bd3 Bd7 7. dxc5 Bxc5 8. Qe2
Qc7 9. O-O f6 10. Bf4 Nge7 11. Bg3 f5 12. Nbd2 O-O 13. Nb3 Bb6 14. Rfd1 Ng6 15.
Re1 f4 16. Bh4 Be8 17. Nbd4 Nxd4 18. cxd4 Nxh4 19. Nxh4 Qe7 20. Nf3 Bh5 21. Rad1
Kh8 22. Bb1 Rac8 23. b3 Qb4 24. Rd3 Bg6 25. Rd2 Bxb1 26. Rxb1 Rc3 27. Ng5 Qe7
28. Qg4 Rf5 29. h4 h6 30. Nf3 Kh7 31. h5 Qe8 32. Qg6+ Qxg6 33. hxg6+ Kg8 34. Rbd1
Rf8 35. Kh2 Rfc8 36. Kh3 Ba5 37. Kg4 Rf8 38. Re2 Rf5 39. Rh1 Kf8 40. Rh5 Rxh5
41. Kxh5 Bb6 42. Rd2 Ba5 43. Re2 Bb6 44. Rd2 Ba5 45. Re2 Bb6 46. Rd2 Ba5 47. Re2
Bb6 1/2-1/2

[Event "DRUZYNOWE MISTRZOSTWA POLSKI JUNIOROW - II LIGA"]
[Site "Szczyrk, CKiR Orle Gniazdo ul. Wrzosowa 28a"]
[Date "2014-07-26"]
[Round "1.111"]
[White "Guzik, Natalia"]
[Black "Komandera, Pawel"]
[Result "1-0"]
[WhiteTitle "I+"]
[BlackTitle "II"]
[WhiteElo "1539"]
[BlackElo "1453"]

1. e4 b6 2. Bc4 Bb7 3. d3 e6 4. Nf3 Be7 5. O-O d5 6. exd5 exd5 7. Bb3 Nf6 8. Nd4
Qd7 9. Qf3 c5 10. Nf5 O-O 11. Bh6 d4 12. Qg3 g6 13. Nxe7+ Qxe7 14. Bxf8 Kxf8 15.
Nd2 Nc6 16. Rae1 Qd8 17. Qf4 Kg7 18. Ne4 Rc8 19. Nd6 Rc7 20. g4 a6 21. g5 Nh5
22. Ne8+ Kf8 23. Qh4 1-0

[Event "DRUZYNOWE MISTRZOSTWA POLSKI JUNIOROW - II LIGA"]
[Site "Szczyrk, CKiR Orle Gniazdo ul. Wrzosowa 28a"]
[Date "2014-07-26"]
[Round "1.112"]
[White "Ficek, Szymon"]
[Black "Bakalarczyk, Jakub"]
[Result "0-1"]
[WhiteTitle "II"]
[BlackTitle "II"]
[WhiteElo "1144"]
[BlackElo "1457"]

1. e4 c6 2. d4 d5 3. exd5 cxd5 4. c4 Nf6 5. Nc3 e6 6. Nf3 Be7 7. Be3 O-O 8. Bd3
b6 9. O-O Ba6 10. cxd5 Nxd5 11. Bxa6 Nxa6 12. Rc1 Nac7 13. h3 Bf6 14. Qe2 Qe7
15. Rfd1 Rac8 16. Bd2 Rfd8 17. Ne5 Bxe5 18. dxe5 h6 19. a3 Nxc3 20. Bxc3 Nd5 21.
Bd4 Rxc1 22. Rxc1 Qg5 23. Rd1 Rc8 24. Qf3 Rc1 25. g3 Qd2 26. Rxc1 Qxc1+ 27. Kg2
Qc6 28. h4 Ne7 29. Qxc6 Nxc6 30. Bc3 Kf8 31. Kf3 Ke8 32. Ke4 Kd7 33. f4 h5 34.
f5 exf5+ 35. Kxf5 Ke7 36. b4 g6+ 37. Ke4 Ke6 38. a4 Ne7 39. Be1 Nc6 40. Bd2 Nxe5
41. Bf4 Nc4 42. Kd4 Nd6 43. b5 f6 44. Kd3 Kd5 45. Kc3 Ne4+ 46. Kb4 Nd6 47. Kc3
Nc8 48. Kd3 Nd6 49. Kc3 Kc5 50. Be3+ Kd5 51. Bf4 Ne4+ 52. Kb3 Kc5 53. Be3+ Kd5
54. Bf4 g5 55. hxg5 fxg5 56. Bb8 h4 57. gxh4 gxh4 58. Bh2 h3 59. Kb4 Nd2 60. a5
Nf3 61. Bg3 h2 62. Bxh2 Nxh2 63. axb6 axb6 64. Kb3 Kc5 65. Ka4 Kc4 66. Ka3 Kxb5
67. Kb3 Nf3 68. Kc3 Ka4 69. Kc2 b5 70. Kb1 Kb3 71. Ka1 b4 72. Kb1 Kc3 73. Kc1
0-1

[Event "DRUZYNOWE MISTRZOSTWA POLSKI JUNIOROW - II LIGA"]
[Site "Szczyrk, CKiR Orle Gniazdo ul. Wrzosowa 28a"]
[Date "2014-07-26"]
[Round "1.113"]
[White "Wojna, Ewelina"]
[Black "Klisz, Karolina"]
[Result "1-0"]
[WhiteTitle "I"]
[BlackTitle "I"]
[WhiteElo "1565"]
[BlackElo "1440"]

1. d4 e6 2. c4 d5 3. Nc3 c6 4. Nf3 f5 5. e3 Nf6 6. Qc2 Bd6 7. c5 Bc7 8. Be2 O-O
9. b4 Nbd7 10. O-O Ne4 11. a4 a6 12. Ba3 Qe8 13. b5 axb5 14. axb5 Qh5 15. Bb4
Rxa1 16. Rxa1 Ndf6 17. bxc6 bxc6 18. Ba5 Bb8 19. h3 Nxc3 20. Bxc3 Bc7 21. Qb2
Ne4 22. Be1 f4 23. Ra7 Rf7 24. Ne5 Bxe5 25. Bxh5 Rxa7 26. dxe5 1-0

[Event "DRUZYNOWE MISTRZOSTWA POLSKI JUNIOROW - II LIGA"]
[Site "Szczyrk, CKiR Orle Gniazdo ul. Wrzosowa 28a"]
[Date "2014-07-26"]
[Round "1.115"]
[White "Kruszynski, Krzysztof"]
[Black "Janulek, Dawid"]
[Result "0-1"]
[WhiteTitle "II"]
[BlackTitle "I"]
[WhiteElo "1675"]
[BlackElo "1878"]

1. e4 c5 2. Nf3 d6 3. d4 cxd4 4. Nxd4 Nf6 5. Nc3 a6 6. Bg5 e6 7. f4 Qb6 8. Qd2
Nc6 9. O-O-O Qxd4 10. Qxd4 Nxd4 11. Rxd4 Be7 12. Bxf6 gxf6 13. Be2 Bd7 14. Bf3
Bc6 15. Rd3 Rc8 16. Re1 Rg8 17. Rd2 b5 18. Ne2 Ba8 19. Nd4 Bd8 20. a3 Bb6 21.
f5 Ke7 22. Rd3 Rc4 23. Red1 Rxd4 24. Rxd4 Bxd4 25. Rxd4 exf5 26. h3 f4 27. Kd2
Ke6 28. a4 Ke5 29. Rb4 Bc6 30. axb5 axb5 31. Kd3 Ra8 32. c3 Ra1 33. b3 Ra2 34.
Rd4 Rf2 35. Rb4 Rb2 36. c4 bxc4+ 37. Kxc4 Rf2 38. Kd3 f5 39. Rd4 Rb2 40. exf5
Bxf3 41. gxf3 Rxb3+ 42. Kc4 Rb4+ 43. Kxb4 Kxd4 44. Kb5 d5 45. Kc6 Kc4 46. Kd7
d4 47. Ke7 d3 48. Kxf7 d2 49. Kg7 d1=Q 50. f6 Qxf3 51. f7 0-1

[Event "DRUZYNOWE MISTRZOSTWA POLSKI JUNIOROW - II LIGA"]
[Site "Szczyrk, CKiR Orle Gniazdo ul. Wrzosowa 28a"]
[Date "2014-07-26"]
[Round "1.116"]
[White "Piela, Dominik"]
[Black "Osinski, Kamil"]
[Result "0-1"]
[WhiteTitle "II+"]
[BlackTitle "I"]
[WhiteElo "1565"]
[BlackElo "1815"]

1. e4 c5 2. c3 e6 3. d4 cxd4 4. cxd4 d5 5. exd5 exd5 6. Nc3 Nf6 7. Nf3 Bb4 8. Bd2
O-O 9. Be2 Nc6 10. O-O Bg4 11. a3 Bxc3 12. Bxc3 Ne4 13. Qb3 Qd7 14. h3 Bh5 15.
Rfe1 Rfe8 16. Rad1 Rac8 17. Rd3 Nxc3 18. bxc3 Na5 19. Qa2 Nc4 20. Rdd1 Re6 21.
Ne5 Nxe5 22. Bxh5 Nc4 23. Bg4 f5 24. Bf3 Ra6 25. a4 b5 26. Re5 Nxe5 27. dxe5 Rxa4
28. Qb3 Qe8 29. Rxd5 Kh8 30. Rxb5 Rac4 31. Ra5 Rxc3 32. Qd5 Qe7 33. e6 Rc1+ 34.
Kh2 Qc7+ 35. g3 f4 36. Ra3 fxg3+ 37. fxg3 Qb6 38. h4 Qb2+ 39. Kh3 Qxa3 40. Be4
Qe7 41. Qf5 g6 42. Qe5+ Qg7 43. Qd6 R1c7 44. Bd5 Qf6 45. Qb4 Qf5+ 0-1

[Event "DRUZYNOWE MISTRZOSTWA POLSKI JUNIOROW - II LIGA"]
[Site "Szczyrk, CKiR Orle Gniazdo ul. Wrzosowa 28a"]
[Date "2014-07-26"]
[Round "1.117"]
[White "Stanowski, Mateusz"]
[Black "Klepek, Witold"]
[Result "0-1"]
[WhiteTitle "II"]
[BlackTitle "I"]
[WhiteElo "1336"]
[BlackElo "1892"]

1. d4 d5 2. c4 Nc6 3. e3 e5 4. dxe5 d4 5. exd4 Bb4+ 6. Nc3 Qxd4 7. Qxd4 Nxd4 8.
Bd3 Bg4 9. f3 Be6 10. Be3 O-O-O 11. Rd1 Ne7 12. Bxd4 Rxd4 13. Nge2 Rd7 14. a3
Bxc3+ 15. Nxc3 Rhd8 16. Be2 Rxd1+ 17. Nxd1 Ng6 18. Kf2 Nxe5 19. b3 c5 20. Ke3
Nc6 21. Nc3 Nd4 22. Bd1 Bf5 23. b4 Re8+ 24. Kd2 cxb4 25. axb4 Nc6 26. b5 Ne5 27.
Be2 Rd8+ 28. Ke3 Bd3 29. c5 Nc4+ 30. Kf2 Bxe2 31. Nxe2 Rd5 32. c6 Rxb5 33. cxb7+
Kxb7 34. Rd1 Nb6 35. Nc3 Rb2+ 36. Kg3 f6 37. Re1 Nc8 38. Re8 Rc2 39. Nd5 Rc5 40.
Ne3 a5 41. Rd8 Nb6 42. Rd3 a4 43. Ra3 Kc6 44. Kf2 Kb5 45. Ra1 Nd5 46. Nxd5 Rxd5
0-1

[Event "DRUZYNOWE MISTRZOSTWA POLSKI JUNIOROW - II LIGA"]
[Site "Szczyrk, CKiR Orle Gniazdo ul. Wrzosowa 28a"]
[Date "2014-07-26"]
[Round "1.121"]
[White "Teclaf, Pawel"]
[Black "Kokoszczynski, Jan"]
[Result "1-0"]
[WhiteTitle "CM"]
[BlackTitle "I"]
[WhiteElo "1979"]
[BlackElo "1753"]

1. e4 e6 2. d4 d5 3. Nd2 Nf6 4. e5 Nfd7 5. Bd3 c5 6. c3 Nc6 7. Ne2 Qb6 8. Nf3 f6
9. exf6 Nxf6 10. O-O Bd7 11. a3 c4 12. Bc2 Bd6 13. Ng3 O-O-O 14. Rb1 Qc7 15. Re1
Rdf8 16. Qe2 Nd8 17. Ne5 Be8 18. f4 g6 19. Bd2 Ng8 20. Nf1 Ne7 21. h3 Nec6 22.
Nh2 Rhg8 23. Nhf3 Qg7 24. Nxc6 Bxc6 25. Ne5 Be8 26. Rf1 a6 27. a4 h6 28. Qe3 g5
29. f5 Bxe5 30. dxe5 exf5 31. Bxf5+ Rxf5 32. Rxf5 Bg6 33. Qc5+ Qc7 34. Qxc7+ Kxc7
35. Rbf1 Bxf5 36. Rxf5 Re8 37. Be1 Nc6 38. Bg3 Re6 39. Kf2 Kb6 40. Rf6 Nd8 41.
Kf3 Kc6 42. Kg4 Kd7 43. Kh5 Rxf6 44. exf6 Nf7 45. Kg6 Ke6 46. a5 Nd8 47. Bc7 Nf7
48. Kg7 h5 49. g3 g4 50. h4 d4 51. cxd4 1-0

[Event "DRUZYNOWE MISTRZOSTWA POLSKI JUNIOROW - II LIGA"]
[Site "Szczyrk, CKiR Orle Gniazdo ul. Wrzosowa 28a"]
[Date "2014-07-26"]
[Round "1.122"]
[White "Piotrowicz, Jakub"]
[Black "Krawiec, Grzegorz"]
[Result "1-0"]
[WhiteTitle "II"]
[BlackTitle "II"]
[WhiteElo "1388"]
[BlackElo "1564"]

1. d4 d5 2. Nf3 c6 3. c4 Nf6 4. cxd5 cxd5 5. Bf4 Nc6 6. e3 Qb6 7. Qc2 Nb4 8. Qb3
Bf5 9. Na3 Rc8 10. Bb5+ Nc6 11. Ne5 Qa5+ 12. Ke2 a6 13. Bxc6+ bxc6 14. Rac1 Ne4
15. Rhd1 Bd7 16. Nxd7 Kxd7 17. Qb7+ Kd8 18. Rxc6 Rxc6 19. Qxc6 e6 20. Qa8+ Kd7
21. Qb7+ Kd8 22. f3 g5 23. fxe4 gxf4 24. Rc1 f3+ 25. gxf3 Bxa3 26. Rc8# 1-0

[Event "DRUZYNOWE MISTRZOSTWA POLSKI JUNIOROW - II LIGA"]
[Site "Szczyrk, CKiR Orle Gniazdo ul. Wrzosowa 28a"]
[Date "2014-07-26"]
[Round "1.123"]
[White "Lewandowski, Wiktor"]
[Black "Rylski, Mateusz"]
[Result "0-1"]
[WhiteTitle "II"]
[BlackTitle "II"]
[WhiteElo "1357"]
[BlackElo "1347"]

1. e4 e5 2. Nf3 d5 3. exd5 e4 4. Ng1 Qxd5 5. Nc3 Qe5 6. g3 Nf6 7. Bg2 Bg4 8. Nge2
Nc6 9. O-O O-O-O 10. h3 Bf3 11. Bxf3 exf3 12. Nf4 g5 13. Nd3 Qf5 14. Kh2 h5 15.
Ne1 Nd4 16. d3 Ng4+ 17. Kg1 Nf6 18. Kh2 Bc5 19. Be3 h4 20. Rg1 hxg3+ 21. Rxg3
Bd6 22. Kg1 Bxg3 23. fxg3 Qxh3 24. Bxd4 Qxg3+ 25. Kf1 Rh1+ 26. Bg1 Rxg1# 0-1

[Event "DRUZYNOWE MISTRZOSTWA POLSKI JUNIOROW - II LIGA"]
[Site "Szczyrk, CKiR Orle Gniazdo ul. Wrzosowa 28a"]
[Date "2014-07-26"]
[Round "1.125"]
[White "Karykowska, Anna"]
[Black "Golecka, Jadwiga"]
[Result "1-0"]
[WhiteTitle "I+"]
[BlackTitle "II"]
[WhiteElo "1528"]
[BlackElo "1067"]

1. e4 e5 2. Nf3 d5 3. Nc3 d4 4. Ne2 Nc6 5. Ng3 Qd6 6. Bb5 Bd7 7. O-O Nf6 8. d3
h6 9. c3 O-O-O 10. Bxc6 Bxc6 11. cxd4 Nd7 12. Nf5 Qf6 13. dxe5 Nxe5 14. Nxe5 Qxe5
15. Qb3 Qf6 16. Be3 Kb8 17. Rac1 Bd6 18. Bd4 Be5 19. Bxe5 Qxe5 20. Rxc6 Kc8 21.
Rcc1 g6 22. Ne3 f5 23. Qc3 Qxc3 24. Rxc3 fxe4 25. dxe4 Rhe8 26. f3 Rd7 27. Rd1
Rxd1+ 28. Nxd1 Rd8 29. Ne3 c6 30. Rc2 b5 31. Rxc6+ Kb7 32. Rc2 h5 33. Nd5 Rd7
34. Kf2 h4 35. Ke3 g5 36. Kd4 Rd6 37. e5 Re6 38. Nc7 Re7 39. Nxb5 Kb6 40. Nd6
Rd7 41. Kd5 Ka5 42. e6 Re7 43. Nc8 Re8 44. e7 Ka6 45. Ke6 Kb7 46. Nd6+ 1-0

[Event "DRUZYNOWE MISTRZOSTWA POLSKI JUNIOROW - II LIGA"]
[Site "Szczyrk, CKiR Orle Gniazdo ul. Wrzosowa 28a"]
[Date "2014-07-26"]
[Round "1.127"]
[White "Hladun, Bartlomiej"]
[Black "Karpacz, Piotr"]
[Result "0-1"]
[WhiteTitle "II"]
[BlackTitle "II+"]
[WhiteElo "1295"]
[BlackElo "1761"]

1. e4 e6 2. d4 d5 3. e5 c5 4. c3 Nc6 5. Nf3 Qb6 6. Bd3 Bd7 7. dxc5 Bxc5 8. O-O
Qc7 9. Qe2 Nge7 10. b4 Bb6 11. Bb2 Ng6 12. Re1 Nf4 13. Qd2 Nxd3 14. Qxd3 Ne7 15.
Nbd2 O-O 16. c4 dxc4 17. Nxc4 Bb5 18. Rac1 Bxc4 19. Rxc4 Qd8 20. Qe4 Rc8 21. Rec1
Rxc4 22. Qxc4 Qd7 23. Qe4 Rc8 24. Rxc8+ Nxc8 25. Qc2 Ne7 26. Ng5 Ng6 27. Ne4 h6
28. g3 Qd5 29. Nd6 Nxe5 30. Bxe5 Qxe5 31. Qc8+ Kh7 32. Qc2+ Kg8 33. Qc8+ Kh7 34.
Qc2+ Kg8 35. Nxb7 Qe1+ 36. Kg2 Qxb4 37. Qc8+ Kh7 38. Qc6 Qd4 39. Qf3 f5 40. Qe2
Qd5+ 41. Qf3 Qxa2 42. Nd6 Qd2 43. Nc4 Qd4 44. Ne3 a5 45. Qc6 Qe4+ 46. Qxe4 fxe4
47. Nc4 Bc7 48. Kf1 Kg6 49. Ke2 Kf5 50. Ke3 a4 51. Kd4 Be5+ 52. Nxe5 a3 53. g4+
Kf4 54. Ng6+ Kg5 55. Kc3 Kxg6 56. Kb3 Kg5 57. h3 Kf4 58. Kxa3 Kf3 59. Kb2 Kxf2
0-1

[Event "DRUZYNOWE MISTRZOSTWA POLSKI JUNIOROW - II LIGA"]
[Site "Szczyrk, CKiR Orle Gniazdo ul. Wrzosowa 28a"]
[Date "2014-07-26"]
[Round "1.129"]
[White "Mackowiak, Filip"]
[Black "Mlynarski, Jedrzej"]
[Result "0-1"]
[WhiteTitle "II"]
[BlackTitle "II"]
[WhiteElo "1300"]
[BlackElo "1455"]

1. e4 e6 2. d4 d5 3. Nd2 Nf6 4. e5 Nfd7 5. Ngf3 c5 6. c3 Nc6 7. Be2 cxd4 8. cxd4
Nb6 9. O-O Bd7 10. Nb3 Rc8 11. Re1 Be7 12. Bd2 Nc4 13. Bc3 b5 14. a3 a5 15. Bxc4
bxc4 16. Nbd2 Qb6 17. b3 cxb3 18. Qxb3 Qxb3 19. Nxb3 a4 20. Na5 Nxe5 21. Nxe5
Rxc3 22. Re3 Rxe3 23. fxe3 f6 24. Nxd7 Kxd7 25. Rb1 Rc8 26. Ra1 Rc7 27. Rb1 Bxa3
28. Kf2 Be7 29. h4 Bd8 30. Nb7 Be7 31. g3 Kc8 32. Na5 Bd8 33. Ra1 Rc2+ 34. Ke1
Bxa5+ 35. Kd1 Rc4 36. Ra2 e5 37. dxe5 fxe5 38. Ke2 e4 39. g4 Bb4 40. Rxa4 Bc5
41. Ra2 Rc3 42. Kd1 Bxe3 43. Ra1 Rc1+ 44. Rxc1+ Bxc1 45. Kxc1 d4 46. Kd2 Kd7 47.
g5 g6 48. Kc2 Kd6 49. Kb3 e3 50. Kc2 e2 51. Kd2 d3 52. Ke1 Ke5 53. Kd2 Kf4 54.
Ke1 Kf3 55. h5 gxh5 56. g6 hxg6 57. Kd2 Kf2 58. Kxd3 e1=Q 59. Kd4 Qe3+ 60. Kd5
Qf4 61. Ke6 Qf5+ 62. Kd6 Ke3 63. Kc6 Ke4 64. Kb6 Kd5 65. Kc7 Qe6 66. Kb7 Qd6 67.
Ka7 Qb4 68. Ka6 Kd4 69. Ka7 Kc5 70. Ka8 Kc6 71. Ka7 Qb7# 0-1

[Event "DRUZYNOWE MISTRZOSTWA POLSKI JUNIOROW - II LIGA"]
[Site "Szczyrk, CKiR Orle Gniazdo ul. Wrzosowa 28a"]
[Date "2014-07-26"]
[Round "1.130"]
[White "Setera, Mateusz"]
[Black "Sulima, Franciszek"]
[Result "1-0"]
[WhiteTitle "II"]
[BlackTitle "II"]
[WhiteElo "1309"]
[BlackElo "1243"]

1. d4 Nf6 2. c4 g6 3. Nc3 Bg7 4. e4 d6 5. f3 O-O 6. Bg5 Na6 7. a3 e5 8. d5 Qe8
9. Bd3 Nc5 10. Bc2 c6 11. b4 Ncd7 12. dxc6 bxc6 13. Qxd6 Bb7 14. Ba4 h6 15. Be3
Nb6 16. Bxb6 axb6 17. Qc7 Ba6 18. b5 cxb5 19. cxb5 Rc8 20. Qxb6 Rxc3 21. Qxa6
Qa8 22. Ne2 Rc4 23. Qxa8 Rxa8 24. Bb3 Rc7 25. Kf2 Bf8 26. a4 Bc5+ 27. Kg3 Nh5+
28. Kh4 Nf6 29. g3 Bd4 30. Rac1 Rb7 31. Rc6 Kg7 32. Nxd4 exd4 33. Rd6 Nd7 34.
Rxd4 Nc5 35. Bd5 Rd7 36. Rc4 Rc8 37. Rhc1 Rdc7 38. b6 Re7 39. Rxc5 Rxc5 40. Rxc5
Re5 41. b7 Rh5+ 42. Kg4 Rxh2 43. f4 h5+ 44. Kf3 g5 45. fxg5 f5 46. b8=Q fxe4+
47. Bxe4 h4 48. Rc7# 1-0

[Event "DRUZYNOWE MISTRZOSTWA POLSKI JUNIOROW - II LIGA"]
[Site "Szczyrk, CKiR Orle Gniazdo ul. Wrzosowa 28a"]
[Date "2014-07-26"]
[Round "1.132"]
[White "Wagner, Klaudia"]
[Black "Filipska, Maja"]
[Result "0-1"]
[WhiteTitle "II"]
[BlackTitle "I"]
[WhiteElo "1230"]
[BlackElo "1173"]

1. d4 Nf6 2. c4 g6 3. Nc3 Bg7 4. e4 d6 5. f3 O-O 6. Be3 e5 7. d5 Na6 8. a3 Nh5
9. Bd3 Qe8 10. Nge2 Bd7 11. Bc2 Qe7 12. Qd2 Rfd8 13. O-O-O Qe8 14. g4 Nf6 15.
h4 Nc5 16. h5 Ba4 17. Bxa4 Nxa4 18. hxg6 fxg6 19. Rh3 Nc5 20. Rdh1 Nb3+ 21. Kc2
Nxd2 22. Bxd2 Kf7 23. Bg5 Qd7 24. Bxf6 Kxf6 25. Rxh7 Rh8 26. Kd2 Rxh7 27. Rxh7
Rh8 28. Rxh8 Bxh8 29. Ke3 c6 30. Nc1 Bg7 31. Nd3 Bh6+ 32. Ke2 Bf4 33. Nxf4 exf4
34. Kd3 Qh7 35. Ne2 Qh2 36. dxc6 bxc6 37. b4 g5 38. Nd4 Qf2 39. Nxc6 Qxf3+ 0-1

[Event "DRUZYNOWE MISTRZOSTWA POLSKI JUNIOROW - II LIGA"]
[Site "Szczyrk, CKiR Orle Gniazdo ul. Wrzosowa 28a"]
[Date "2014-07-26"]
[Round "1.133"]
[White "Jajte-pachota, Maciej"]
[Black "Madalinski, Jan"]
[Result "1-0"]
[WhiteTitle "I"]
[BlackTitle "II"]
[WhiteElo "1916"]
[BlackElo "1474"]

1. f4 e5 2. fxe5 d6 3. exd6 Bxd6 4. g3 Qg5 5. d4 Qg6 6. Bg2 Nf6 7. Nc3 Ng4 8. Nf3
Nxh2 9. Nxh2 Qxg3+ 10. Kf1 Bh3 11. Rg1 Qxh2 12. Qd3 Bxg2+ 13. Rxg2 Qh4 14. Bg5
Qh1+ 15. Rg1 Qc6 16. d5 Qd7 17. Qe4+ Kf8 18. Kf2 f6 19. Qf3 Qf7 20. Bf4 Bxf4 21.
Qxf4 Qe7 22. Raf1 Na6 23. Ke1 Rd8 24. e4 Re8 25. Kd1 Qe5 26. Qg4 g6 27. Kc1 Kg7
28. Qd7+ Qe7 29. Qb5 Qb4 30. Qd3 Rhf8 31. Qh3 Rh8 32. Rh1 h6 33. Rhg1 Qe7 34.
d6 Qxd6 35. Nd5 Ref8 36. Nf4 g5 37. Qf5 Rh7 38. Rd1 1-0